000 00189 a2200097 4500
020 _a799070727657
041 _aeng
100 _aCowley , Joy
245 _aThe boogie woogie man
942 _cBK
999 _c6506
_d6506